| 000 | 00501cam a2200157 a 4500 | ||
|---|---|---|---|
| 001 | 000001069 | ||
| 005 | 20200929145455.0 | ||
| 008 | 840120s1947 xx f 001 0 spa | ||
| 040 |
_aDO-SdBNP _bspa _cBNPHU |
||
| 082 |
_a003.2 _bH183m |
||
| 100 | 1 |
_aHammerly Dupuy, Daniel. _93662 |
|
| 245 | 1 | 3 |
_aEl mundo del futuro / _cDaniel Hammerly Dupuy. |
| 260 |
_aMountain View : _bPacific press publishing association, _c1947. |
||
| 300 |
_a448 p. : _bil., retrs ; _c23 cm. |
||
| 650 | 4 |
_aSiglo xx _xPredicciones _93663 |
|
| 999 |
_c1033 _d1033 |
||